| 000 | 01971cam a22004454i 4500 | ||
|---|---|---|---|
| 003 | PE-LiUPU | ||
| 005 | 20250731165429.0 | ||
| 008 | 160215s1995 pe a grm 000 0 spa d | ||
| 035 | _a(Sirsi) a156131 | ||
| 040 |
_aPE-LiUPU _bspa _cPE-LiUPU _erda |
||
| 099 |
_aTE 2 _bE39 1995 |
||
| 100 | 1 | _aElías Salazar, Lorena Noemí | |
| 245 | 1 | 3 |
_aLa importancia de la consejería psicopedagógica en la elección vocacional del estudiante del CEPAU / _cLorena Noemí Elías Salazar. |
| 264 | 0 | _c1995. | |
| 300 |
_a172 hojas _c30 cm |
||
| 336 |
_atext _2rdacontent |
||
| 337 |
_aunmediated _2rdamedia |
||
| 338 |
_avolume _2rdacarrier |
||
| 502 |
_aTesis _b(Lic.) -- _cUniversidad Peruana Unión, _d1995. |
||
| 504 | _aIncluye referencias | ||
| 520 | 3 | _aUno de los fines y quizá el mas básico de todo proceso educativo es la de formar hombres útiles en la sociedad. Su quehacer debe estar siempre orientado a lograr la perfección de la juventud en todo aquello que concierne al desarrollo armonioso de todas sus facultades físicas, mentales y espirituales y de todas sus potencialidades; aptitudes, intereses y cualidades de cada persona, para que mas tarde se constituya realmente en un ser dotado de autonomía y libertad social que le permita realizarse plenamente; para el gozo de servir en este mundo, y para un gozo superior proporcionado por un servicio mas amplio en el mundo venidero. | |
| 526 | _aSEG44 | ||
| 526 | _aSEG26 | ||
| 526 | _aP151 | ||
| 526 | _aP150 | ||
| 526 | _aP149 | ||
| 526 | _aP146 | ||
| 526 | _aP145 | ||
| 526 | _aP126 | ||
| 526 | _aP125 | ||
| 526 | _aP92 | ||
| 526 | _aP75 | ||
| 526 | _aP74 | ||
| 526 | _aP27 | ||
| 526 | _aP15 | ||
| 650 | 0 | 4 |
_aPsicología de la educación _xOrientación profesional. |
| 596 | _a1 | ||
| 942 |
_2ddc _cTESIS |
||
| 999 |
_aTE 2 E39 1995 _wALPHANUM _c8813 _iT00142 _lCCODEBUL3 _mBUL _r1 _sY _tTESIS _u2016-2-15 _xEDUCACION _zUNKNOWN _o.STAFF. Tesis _d8813 |
||
| 980 |
_81 _gALBERTO SANCHEZ Responsable de Automatización |
||